000 00306nam a22001337a 4500
008 170224b xxu||||| |||| 00| 0 eng d
020 _a0815125461
041 _aeng
080 _23 ED
_a617
100 _a5
101 _aSHK
245 _aHANGBOOK OF SURGICAL INTENSIVE CARE
_cLYERLY .H.K
942 _2udc
_cBK
999 _c6207
_d6207